Macroeconomics Theory (Record no. 2247)

MARC details
000 -LEADER
fixed length control field 00351nam a2200145Ia 4500
008 - FIXED-LENGTH DATA ELEMENTS--GENERAL INFORMATION
fixed length control field 230312s9999||||xx |||||||||||||| ||und||
082 ## - DEWEY DECIMAL CLASSIFICATION NUMBER
Classification number 339.3076
Item number DIU
100 ## - MAIN ENTRY--PERSONAL NAME
Personal name Diulio, Eugene A
245 #0 - TITLE STATEMENT
Title Macroeconomics Theory
260 ## - PUBLICATION, DISTRIBUTION, ETC.
Name of publisher, distributor, etc. McGraw Hill
Place of publication, distribution, etc. London
Date of publication, distribution, etc. 1990
300 ## - PHYSICAL DESCRIPTION
Extent 290
546 ## - LANGUAGE NOTE
Language note Eng.
650 ## - SUBJECT ADDED ENTRY--TOPICAL TERM
Topical term or geographic name entry element Economics
Form subdivision Introduction,
942 ## - ADDED ENTRY ELEMENTS (KOHA)
Koha item type BOOK

No items available.

Powered by Koha